000 00722nam a2200217Ii 4500
003 JO-AjNU
008 230605s9999||||xx |||||||||||||| ||und||
017 _a1984/4980
020 _a977-13-154-6
040 _aJO-AjNU
_bara
_erda
_cJO-AjNU
041 _aara
050 1 4 _aHB180.S5254.1984
100 3 _aالشامي، صلاح الدين علي,
_eauthor
_939681
245 0 0 _aالاستهلاك:ظاهرة بشرية في الرؤية الجغرافية
264 3 1 _aالاسكندرية:منشأة المعارف،1984
300 _a494ص
336 _atext
_btxt
_2rdacontent
337 _aunmediated
_bn
_2rdamedia
338 _avolume
_bnc
_2rdacarrier
650 4 _aالانتاج والاستهلاك
_939682
999 _aA16779
_c20347
_d20347